つくばエクスプレスの振替輸送(バス) - Statistics

General Stats
  • This quiz has been taken 37 times
  • The average score is 25 of 30
Answer Stats
始発駅(バス停) バス会社 終着駅(バス停) % Correct
つくばセンター 関東鉄道バス 土浦駅西口・東口
100%
みどりの駅 関東鉄道バス 土浦駅西口
100%
柏駅西口
100%
柏の葉キャンパス駅東口 東武バスセントラル 柏駅西口
100%
流山セントラルパーク駅 東武バスセントラル 柏駅西口
100%
みらい平駅 関東鉄道バス 取手駅西口
97%
南流山駅南口 京成バス 松戸駅
94%
八潮駅南口 東武バスセントラル 京成バス 松戸駅
94%
三郷中央駅 東武バスセントラル京成タウンバス・マイスカイ交通共同運行 金町駅
91%
三郷中央駅 東武バスセントラル 京成タウンバス・マイスカイ交通共同運行 三郷駅南口
91%
八潮駅南口 京成バス 金町駅
91%
八潮駅北口 東武バスセントラル 綾瀬駅
91%
六町駅 東武バスセントラル 綾瀬駅
91%
青井駅 足立区コミュニティバス 綾瀬駅東口
91%
つくばセンター 関東鉄道バス・JRバス関東共同運行 ひたち野うしく駅東口
89%
柏たなか駅東口 東武バスセントラル 北柏駅入口
89%
八潮駅南口 東武バスセントラル 亀有駅北口
89%
六町駅 東武バスセントラル 北千住駅
89%
みどりの駅 関東鉄道バス 牛久駅西口
86%
南流山駅北口 東武バスセントラル 南柏駅西口
86%
つくばセンター 関東鉄道バス 荒川沖駅西口
80%
八潮駅北口 東武バスセントラル 草加駅東口
69%
青井駅 足立区コミュニティバス 西新井駅東口
69%
南流山駅北口
66%
流山セントラルパーク駅 東武バスセントラル 南流山駅北口
66%
六町駅 東武バスセントラル 竹の塚駅東口
66%
みどりの駅 関東鉄道バス 水海道駅
60%
柏の葉キャンパス駅西口 東武バスセントラル 流山おおたかの森駅東口
57%
柏の葉キャンパス駅西口 東武バスセントラル 江戸川台駅東口
54%
流山おおたかの森駅西口 東武バスセントラル 平和台駅前
37%
No matching quizzes found
Score Distribution
Percent of People with Each Score
Percentile by Number Answered
Your Score History
You have not taken this quiz